000 00815nam a2200205Ia 4500
003 PE SENCICO BE
005 20251020182547.0
008 200515s9999 xx 000 0 und d
040 _aPE SENCICO BE
_cPE SENCICO BE
082 _a749.1
_bS78
110 1 _aZumtobel Staff
_9139
245 1 0 _aDe la sombra al resplandor :
_bel arte de la iluminación arquitectónica /
_cZumtobel Staff
260 _as.l.:
_bZumtobel Staff,
_cs.a.
300 _a338 p.:
_bil. col., fotog.;
_c30 cm.
520 _aIluminación arquitectónica en diferentes espacios, restaurantes, cafés, tiendas, museos, galerías, pub, locales de venta, etc.
650 1 0 _aDecoración de interiores
_925
650 2 0 _aIluminación arquitectónica
_9140
650 2 0 _aArtes visuales
_917
942 _cLIB
_2ddc
_h749.1
_iS78
999 _c2595
_d2595